| 000 | 00389nam a2200157Ia 4500 | ||
|---|---|---|---|
| 003 | OSt | ||
| 005 | 20240127152424.0 | ||
| 008 | 170523s9999 xx 000 0 und d | ||
| 020 | _a978-9351673965 | ||
| 040 | _ciimt university meerut | ||
| 100 | _aGUPTA- CHATURVEDI | ||
| 245 | 0 | _aBUSINESS ORGANISATIONAL AND MANAGEMENT | |
| 260 | _bDELHI SULTAN CHAND | ||
| 260 | _c1994 | ||
| 942 |
_2ddc _c02 |
||
| 999 |
_c129 _d129 |
||